¿Es asalariado un conductor de Uber? (Registro nro. 47427)
[ vista simple ]
| 000 -CABECERA | |
|---|---|
| Longitud fija campo de control | 01137naa a2200313 c 4500 |
| 001 - NÚMERO DE CONTROL | |
| Número de control | 47427 |
| 003 - IDENTIFICADOR DE NÚMERO DE CONTROL | |
| Identificador del número de control | ES-MaCES |
| 005 - FECHA Y HORA DE LA ÚLTIMA TRANSACCIÓN | |
| Fecha y hora de la última transacción | 20251115040003.0 |
| 008 - CAMPO FIJO DE DESCRIPCIÓN FIJA--INFORMACIÓN GENERAL | |
| Códigos de información de longitud fija | 160415s2016 sp ||||| t||||||| ||spa d |
| 040 ## - FUENTE DE CATALOGACIÓN | |
| Centro catalogador de origen | ES-MaCES |
| Lengua de catalogación | spa |
| Centro transcriptor | ES-MaCES |
| Centro modificado | ES-MaCES |
| 100 1# - ENCABEZAMIENTO PRINCIPAL--NOMBRE PERSONAL | |
| 9 (RLIN) | 36729 |
| Nombre de persona | Renier, Romain |
| 245 11 - MENCIÓN DE TÍTULO | |
| Título | ¿Es asalariado un conductor de Uber? |
| Mención de responsabilidad, etc. | Romain Renier |
| 610 27 - ASIENTO SECUNDARIO DE MATERIA--NOMBRE CORPORATIVO | |
| 9 (RLIN) | 39727 |
| Nombre de entidad corporativa o nombre de jurisdicción como elemento inicial | Uber (Firma) |
| 650 #4 - ASIENTO SECUNDARIO DE MATERIA--TÉRMINO DE MATERIA | |
| 9 (RLIN) | 28432 |
| Término de materia o nombre geográfico como elemento inicial | conductor |
| 650 #4 - ASIENTO SECUNDARIO DE MATERIA--TÉRMINO DE MATERIA | |
| 9 (RLIN) | 28452 |
| Término de materia o nombre geográfico como elemento inicial | obrero del transporte |
| 650 #4 - ASIENTO SECUNDARIO DE MATERIA--TÉRMINO DE MATERIA | |
| 9 (RLIN) | 28022 |
| Término de materia o nombre geográfico como elemento inicial | servicio del automóvil |
| 650 #4 - ASIENTO SECUNDARIO DE MATERIA--TÉRMINO DE MATERIA | |
| 9 (RLIN) | 27897 |
| Término de materia o nombre geográfico como elemento inicial | competencia |
| 650 #4 - ASIENTO SECUNDARIO DE MATERIA--TÉRMINO DE MATERIA | |
| Término de materia o nombre geográfico como elemento inicial | economía colaborativa |
| 9 (RLIN) | 37923 |
| 650 #4 - ASIENTO SECUNDARIO DE MATERIA--TÉRMINO DE MATERIA | |
| 9 (RLIN) | 30788 |
| Término de materia o nombre geográfico como elemento inicial | nuevas tecnologías |
| 650 #4 - ASIENTO SECUNDARIO DE MATERIA--TÉRMINO DE MATERIA | |
| 9 (RLIN) | 30572 |
| Término de materia o nombre geográfico como elemento inicial | Internet |
| 650 #4 - ASIENTO SECUNDARIO DE MATERIA--TÉRMINO DE MATERIA | |
| 9 (RLIN) | 28327 |
| Término de materia o nombre geográfico como elemento inicial | condiciones de trabajo |
| 650 #4 - ASIENTO SECUNDARIO DE MATERIA--TÉRMINO DE MATERIA | |
| 9 (RLIN) | 28369 |
| Término de materia o nombre geográfico como elemento inicial | relaciones laborales |
| 650 #4 - ASIENTO SECUNDARIO DE MATERIA--TÉRMINO DE MATERIA | |
| 9 (RLIN) | 28310 |
| Término de materia o nombre geográfico como elemento inicial | trabajo subcontratado |
| 650 #4 - ASIENTO SECUNDARIO DE MATERIA--TÉRMINO DE MATERIA | |
| 9 (RLIN) | 28412 |
| Término de materia o nombre geográfico como elemento inicial | trabajador independiente |
| 653 10 - TÉRMINO DE INDEXACIÓN--NO CONTROLADO | |
| Término no controlado | Relaciones laborales-Empleo |
| 773 0# - ENTRADA DE DOCUMENTO FUENTE | |
| Itemnumber del ítem fuente | 83956 |
| Lugar, editor y fecha de publicación | Barcelona Alternativas Económicas SCCL D.L. 2013- |
| Otro identificador del documento | 086858 |
| Título | Alternativas económicas |
| Número de control del registro relacionado | (ES-MaCES)45016 |
| Parte(s) relacionada(s) | n. 32 (en. 2016) {55/1126 R. 086858} ;p. 56 |
| 902 ## - CES. TIPO DE DOCUMENTO | |
| Tipodoc (006$c Sirtex) | ART Artículo de revista |
| 942 ## - ELEMENTOS KOHA | |
| Fuente de clasificaión o esquema | Clasificación propia del CES |
| Koha [por defecto] tipo de item | Artículos (1982-2017) |
| Parte de clasificación | Relaciones Laborales y Rel. Lab.- Empleo |
No hay ítems disponibles.
